Problemas clínicos de la fosa iliaca y flanco derechos / (Record no. 122617)

MARC details
000 -LEADER
campo de control de longitud fija 00720nam a2200193 i 4500
001 - NÚMERO DE CONTROL
campo de control 122617
003 - IDENTIFICADOR DE NÚMERO DE CONTROL
campo de control ES-MaACL
005 - FECHA Y HORA DE LA ÚLTIMA TRANSACCIÓN
campo de control 20230906192018.0
007 - CAMPO FIJO DE DESCRIPCIÓN FÍSICA--INFORMACIÓN GENERAL
campo de control de longitud fija t|
008 - DATOS DE LONGITUD FIJA--INFORMACIÓN GENERAL
campo de control de longitud fija 070214s1959 sp |||| | spa d
080 ## - NÚMERO DE LA CLASIFICACIÓN DECIMAL UNIVERSAL
Número de la Clasificación Decimal Universal 616.34
245 00 - MENCIÓN DEL TÍTULO
Título Problemas clínicos de la fosa iliaca y flanco derechos /
Mención de responsabilidad, etc. Dr. Celestino González Padrón ... [et al.].
Número de parte o sección de la obra XI Curso monográfico.
260 ## - PUBLICACIÓN, DISTRIBUCIÓN, ETC.
Lugar de publicación, distribución, etc. Santa Cruz de Tenerife :
Nombre del editor, distribuidor, etc. Instituto de Fisiología y Patología Regionales,
Fecha de publicación, distribución, etc. 1959.
300 ## - DESCRIPCIÓN FÍSICA
Extensión 148 p. ;
Dimensiones 21 cm.
650 #4 - PUNTO DE ACCESO ADICIONAL DE MATERIA--TÉRMINO DE MATERIA
Término de materia o nombre geográfico como elemento de entrada Intestinos-
Subdivisión general Enfermedades.
9 (RLIN) 144337
700 1# - ENTRADA AGREGADA--NOMBRE PERSONAL
Nombre de persona González Padrón, Celestino.
9 (RLIN) 58852
710 2# - ENTRADA AGREGADA--NOMBRE DE ENTIDAD CORPORATIVA
Nombre de entidad corporativa o nombre de jurisdicción como elemento de entrada Instituto de Fisiología y Patología Regionales de Tenerife.
9 (RLIN) 4737
852 ## - LOCALIZACIÓN
Ubicación ES-MaACL
Número de control de estantería C-16189
Holdings
Estatus retirado Estado de pérdida Estado de daño No para préstamo Biblioteca de origen Biblioteca actual Ubicación en estantería Fecha de adquisición Fuente de adquisición Total de préstamos Signatura topográfica completa Código de barras Visto por última vez Precio de reemplazo Tipo de ítem Koha
        Biblioteca del Ateneo de Madrid Biblioteca del Ateneo de Madrid Ficheros 17/01/2008     C-16189 1127769 23/02/2023 23/02/2023 Libro impreso